000 00560cam a2200217 4500
001 2195234
005 20180208045604.0
008 730309s1973 nyua 001 0 eng
010 _a 73004361
020 _a0381982459
040 _aDLC
_cDLC
_dDLC
041 _aeng
080 _a581 HER
082 0 0 _a581 HER
100 1 _a9
101 _aMJE
245 1 0 _aAtlas of plant life
_c[by] Herbert Edlin. Illustrated by David Nockels & Henry Barnett.
350 _a$10.00
906 _a7
_bcbc
_corignew
_d1
_eocip
_f19
_gy-gencatlg
942 _2ddc
_cBK
999 _c42122
_d42122